| 000 | 00456nam a22001697a 4500 | ||
|---|---|---|---|
| 003 | SGT | ||
| 020 | _a9789366164892 | ||
| 082 |
_a611 _bE25K |
||
| 100 | _aKUMAR, AJAY | ||
| 245 | _aEARLY CLINICAL EXPOSURE A CASE BASED APPROACH IN CLINICAL ANATOMY | ||
| 250 | _a2ND | ||
| 260 |
_aINDIA _bJAYPEE PUB _c2025 |
||
| 300 | _a250 | ||
| 650 | _aHUMAN ANATOMY | ||
| 653 | _aEARLY CLINICAL EXPOSURE A CASE BASED APPROACH IN CLINICAL ANATOMY | ||
| 942 |
_2ddc _cBK |
||
| 999 |
_c33646 _d33646 |
||